000 00303nam a22001337a 4500
008 170522b xxu||||| |||| 00| 0 eng d
020 _a9781890919313
041 _aeng
080 _a94(100)
100 _a16
101 _aSHH
245 _aWESTERN DREAM OF CIVILIZATION
_cCANTRELL,D
942 _2udc
_cBK
999 _c13756
_d13756